Risograph. Konica

Podrobná bibliografia
Korporatívny autor: ROBINCO Slovakia Žilina, Slovensko (Autor)
Médium: Kniha
Jazyk:slovenčina
Fyzický popis:1 l. fotogr. 42x30 cm
Vydavateľské údaje: [Žilina] [ROBINCO Slovakia] [2000]
Predmet:

MARC

LEADER 00000nam a2200000 a 4500
001 vtls001402404
003 SK-MaSNL
005 20260302034900.0
008 160415s2000 xo a r y 0 slo
015 |a SNBE2003/01-00287 
035 |a SNK000356942 
040 |a SNK  |b slo  |c SNK  |e AACR2 
041 0 |a slo 
044 |a xo  |c SK 
080 |a 651.2:681.6(085.5)  |2 2. stred. slo 
080 |a 681.6  |2 2. stred. slo 
110 0 |a ROBINCO Slovakia Žilina, Slovensko  |4 aut  |9 462148 
245 1 |a Risograph. Konica 
260 |a [Žilina]  |b [ROBINCO Slovakia]  |c [2000] 
300 |a 1 l.  |b fotogr.  |c 42x30 cm 
610 0 7 |a ROBINCO Slovakia  |a Žilina, Slovensko  |x výrobky  |x prospekty informačné  |2 SNK  |9 462149 
611 1 7 |a ROBINCO Slovakia  |a Žilina, Slovensko  |x výrobky  |x prospekty informačné  |2 SNK  |9 462150 
650 0 7 |a Risograph (tlačiarenské automaty)  |x prospekty informačné  |2 SNK  |9 687038 
650 0 7 |a Konica (kopírovacie stroje)  |x prospekty informačné  |2 SNK  |9 687039 
651 7 |a Žilina (Slovensko : okres)  |2 SNK  |9 56327 
655 7 |a prospekty  |2 SNK  |9 62175 
958 |a TL 
999 |c 1068221  |d 1070151 
952 |t P60, <03>, [BOOK], {603}  |a SNK  |b SNK  |y PREZ  |7 0  |p 17A0261515  |o snkLSA 1154  |i snkKSP 12913/2000  |0 0  |1 0  |4 0  |d 2000-12-11  |l 0  |r 2005-01-02 00:00:00  |w 2026-02-24 
952 |t P60, <04>, [BOOK], {604}  |a SNK  |b SNK  |y VYP  |7 0  |p 17A0261516  |o snkLSA 1154 D1  |i snkKSP 12914/2000  |0 0  |1 0  |4 0  |d 2000-12-11  |l 0  |r 2005-01-02 00:00:00  |w 2026-02-24